Nom des Toupies avec Images - Beyblade Metal Masters - Statistiques

Statistiques générales
  • Ce quiz a été pris 38 fois
  • Le résultat moyen est 19 sur 30
Statistiques - réponses
Par images Réponse % Correct
Dark Bull
96%
Flame Sagittario
89%
Galaxy Pegasus
89%
Rock Leone
89%
Flame Libra
86%
Earth Eagle
82%
Gravity Destroyer
79%
Rock Aries
79%
Rock Zurafa
79%
Ray Striker
75%
Ray Gil
71%
Meteo L-Drago
68%
Poison Virgo
68%
Twisted Tempo
68%
Burn Fireblaze
64%
Flame Serpent
64%
Grand Cetus
64%
Thermal Lacerta
64%
Rock Orso
61%
Burn Wolf
54%
Virgo
54%
Aquario
50%
Evil Befall
50%
Grand Capricorne
50%
Hades Kerbecs
50%
Flame Bixys
46%
Vulcan Horuseus
43%
Spiral Capricorne
39%
Cyclone Herculeo
32%
Counter Scorpio
25%
Aucun quiz correspondant
Distribution des résultats
% des personnes avec chaque résultat
Percentile par nombre de réponses
Votre historique - résultats
Vous n’avez pas pris ce quiz